00837 2200265 4500001002100000005001500021035002000036007000300056008004100059020002200100082001000122084001600132100003400148245012800182250001000310260003800320300002700358650002400385700002600409700002700435504002600462520006100488990001100549990001100560INLIS00000000000354620190625015516 a0010-0619000090ta190625 g 0 ind  a978-602-1683-18-7 a297.4 a297.4 SUL r0 aSULAIMAN, bin Ahmad Bin Yahya1 aRingkasan Fiqih Sunnah /cSulaiman bin Ahmad bin Yahya; penerjemah, Achmad Zaeni Dachlan; penyunting, Tim Senja Media Utama acet.1 aDepok :bSenja Media Utama,c2017 aixxv, 768 hlm ;c24 cm 4aISLAM. FIQIH SUNNAH0 aACHMAD, Zaeni Dachlan0 aTIM, Senja Media Utama aBibliografi.: hlm 768 aJudul terjemah: Kitab Fiqih Sunnah (Syaikh Sayyid Sabiq) a6848 a a6848 b